Selected references on aging; (Record no. 34187)
[ view plain ]
| 000 -LEADER | |
|---|---|
| fixed length control field | 01111cam a22002771 4500 |
| 001 - CONTROL NUMBER | |
| control field | hew59000009 |
| 003 - CONTROL NUMBER IDENTIFIER | |
| control field | DLC |
| 005 - DATE AND TIME OF LATEST TRANSACTION | |
| control field | 20260227111509.0 |
| 008 - FIXED-LENGTH DATA ELEMENTS--GENERAL INFORMATION | |
| fixed length control field | 751121s1959 dcu f000 0 eng c |
| 010 ## - LIBRARY OF CONGRESS CONTROL NUMBER | |
| LC control number | hew59000009 |
| 035 ## - SYSTEM CONTROL NUMBER | |
| System control number | (OCoLC)1847140 |
| 040 ## - CATALOGING SOURCE | |
| Original cataloging agency | U.S. Dept. of HEW |
| Transcribing agency | TxU-Da |
| Modifying agency | TJoS-M |
| -- | OCoLC |
| -- | ISS |
| -- | OCoLC |
| -- | DLC |
| 050 00 - LIBRARY OF CONGRESS CALL NUMBER | |
| Classification number | Z6663.A3 |
| Item number | U45 1959 |
| 082 ## - DEWEY DECIMAL CLASSIFICATION NUMBER | |
| Classification number | 016.301435 |
| 086 0# - GOVERNMENT DOCUMENT CLASSIFICATION NUMBER | |
| Classification number | FS 1.18:AG 4/959 |
| 110 1# - MAIN ENTRY--CORPORATE NAME | |
| Corporate name or jurisdiction name as entry element | United States. |
| Subordinate unit | Department of Health, Education, and Welfare. |
| -- | Library. |
| 245 10 - TITLE STATEMENT | |
| Title | Selected references on aging; |
| Remainder of title | an annotated bibliography. |
| Statement of responsibility, etc. | Compiled for the Committee on Aging. |
| 260 ## - PUBLICATION, DISTRIBUTION, ETC. | |
| Place of publication, distribution, etc. | Washington |
| Name of publisher, distributor, etc. | [U.S. Govt. Print. Off., |
| Date of publication, distribution, etc. | 1959] |
| 300 ## - PHYSICAL DESCRIPTION | |
| Extent | vi, 110 p. |
| Dimensions | 24 cm. |
| 500 ## - GENERAL NOTE | |
| General note | On cover: White House Conference on Aging edition. |
| 500 ## - GENERAL NOTE | |
| General note | Earlier editions issued by the Federal Security Agency Library. |
| 650 #0 - SUBJECT ADDED ENTRY--TOPICAL TERM | |
| Topical term or geographic name entry element | Older people |
| Form subdivision | Bibliography. |
| 650 #0 - SUBJECT ADDED ENTRY--TOPICAL TERM | |
| Topical term or geographic name entry element | Older age |
| Form subdivision | Bibliography. |
| 710 1# - ADDED ENTRY--CORPORATE NAME | |
| Corporate name or jurisdiction name as entry element | United States. |
| Subordinate unit | Committee on Aging. |
| 710 1# - ADDED ENTRY--CORPORATE NAME | |
| Corporate name or jurisdiction name as entry element | United States. |
| Subordinate unit | Federal Security Agency. |
| -- | Library. |
| Title of a work | Selected references on aging; an annotated bibliography. |
No items available.